|
|
|
|
| LEADER |
00000nam0a2200000 4500 |
| 001 |
120850 |
| 005 |
20250826102549.0 |
| 010 |
|
|
|a 5885101647
|
| 035 |
|
|
|a (RuTPU)RU\TPU\book\130859
|
| 090 |
|
|
|a 120850
|
| 100 |
|
|
|a 20070906d1991 m y0rusy50 ca
|
| 101 |
1 |
|
|a rus
|c fre
|
| 102 |
|
|
|a UA
|
| 105 |
|
|
|a y z 000ay
|
| 200 |
1 |
|
|a Графиня Рудольштадт
|e роман
|e пер. с фр.
|f Ж. Санд
|
| 210 |
|
|
|a Киев
|c Музична Украiна
|d 1991
|
| 215 |
|
|
|a 480 с.
|
| 333 |
|
|
|a Исключено из фонда НТБ ТПУ
|
| 610 |
1 |
|
|a французская литература
|
| 610 |
1 |
|
|a романы
|
| 610 |
1 |
|
|a Франция
|
| 610 |
1 |
|
|a женщины
|
| 610 |
1 |
|
|a музыканты
|
| 675 |
|
|
|a 84
|v 3
|
| 700 |
|
1 |
|a Санд
|b Ж.
|c французская писательница
|c настоящее имя и фамилия Аврора Дюпен
|f 1804-1876
|g Жорж
|3 (RuTPU)RU\TPU\pers\9277
|9 1832
|
| 801 |
|
1 |
|a RU
|b 63413507
|c 20070906
|g PSBO
|
| 801 |
|
2 |
|a RU
|b 63413507
|c 20100521
|g PSBO
|
| 942 |
|
|
|c BK
|